Online
Catalog

El monseñor de las historias : (Record no. 1841)

MARC details
000 -CABECERA
campo de control de longitud fija 00701nam a2200217 u 4500
001 - NÚMERO DE CONTROL
campo de control 000001975
005 - FECHA Y HORA DE LA ÚLTIMA TRANSACCIÓN
campo de control 20250129172122.0
008 - DATOS DE LONGITUD FIJA--INFORMACIÓN GENERAL
campo de control de longitud fija 090630t2007 dr 001 f spa d
020 ## - NÚMERO INTERNACIONAL ESTÁNDAR DEL LIBRO
Número Internacional Estándar del Libro 9789945160475
040 ## - FUENTE DE LA CATALOGACIÓN
Centro catalogador/agencia de origen DO-SdBNP
Lengua de catalogación spa
Centro/agencia transcriptor BNPHU
082 ## - NÚMERO DE LA CLASIFICACIÓN DECIMAL DEWEY
Número de clasificación RD863.44
Número de documento/Ítem A277m
100 1# - ENTRADA PRINCIPAL--NOMBRE DE PERSONA
Nombre de persona Agramonte, Carlos,
Fechas asociadas al nombre 1954-
9 (RLIN) 858
245 13 - MENCIÓN DE TÍTULO
Título El monseñor de las historias :
Resto del título Novela /
Mención de responsabilidad, etc. Carlos Agramonte.
260 ## - PUBLICACIÓN, DISTRIBUCIÓN, ETC.
Lugar de publicación, distribución, etc. Santo Domingo :
Nombre del editor, distribuidor, etc. Búho,
Fecha de publicación, distribución, etc. 2007.
300 ## - DESCRIPCIÓN FÍSICA
Extensión 347 p. ;
-- 23 cm.
500 ## - NOTA GENERAL
Nota general Incluye datos biográficos del autor en las solapas.
590 ## - NOTA LOCAL (RLIN)
Nota local Inventariado, 2019 / DG
650 #0 - PUNTO DE ACCESO ADICIONAL DE MATERIA--TÉRMINO DE MATERIA
Término de materia o nombre geográfico como elemento de entrada Novela dominicana
9 (RLIN) 223
650 #0 - PUNTO DE ACCESO ADICIONAL DE MATERIA--TÉRMINO DE MATERIA
Término de materia o nombre geográfico como elemento de entrada Literatura dominicana.
9 (RLIN) 67
910 ## - DATOS DE OPCIÓN DEL USUARIO (OCLC)
Datos de opción del usuario Validado. Control de calidad EMS.
Holdings
Estado de retiro Estado de pérdida Restricciones de uso No para préstamo Código de colección Localización permanente Ubicación/localización actual Ubicación en estantería Fecha de adquisición Número de inventario Total de préstamos Signatura topográfica completa Código de barras Fecha visto por última vez Número de copia Precio válido a partir de Tipo de ítem Koha Fuente de adquisición
        Dominicana de Servicio General General Depósito 20.07.2009 LF1   RD863.44 A277m 1975-30 25.06.2020 e. 3 25.06.2020 Libro y Folleto Colección Dominicana de Servicio  
        Dominicana de Servicio General General Depósito 20.07.2009 LF1   RD863.44 A277m 1975-40 25.06.2020 e. 4 25.06.2020 Libro y Folleto Colección Dominicana de Servicio  
        Dominicana de Servicio General General Depósito 20.07.2009 LF1   RD863.44 A277m 1975-50 25.06.2020 e. 5 25.06.2020 Libro y Folleto Colección Dominicana de Servicio  
      Excluido de préstamo Patrimonio Dominicano Patrimonio Dominicano Patrimonio Dominicano Depósito 30.06.2009 LF1   RD863.44 A277m 1975-10 25.06.2020   25.06.2020 Libro y Folleto Colección Patrimonio Dominicano 000745
      Excluido de préstamo Patrimonio Dominicano Patrimonio Dominicano Patrimonio Dominicano Depósito 20.07.2009 LF1   RD863.44 A277m 1975 25.06.2020 e. 2 25.06.2020 Libro y Folleto Colección Patrimonio Dominicano 4078

Powered by Koha